This is my world / (Record no. 9770)

MARC details
000 -LEADER
fixed length control field 00978nam a22002777a 4500
001 - CONTROL NUMBER
control field 9770
003 - CONTROL NUMBER IDENTIFIER
control field FISKH
005 - DATE AND TIME OF LATEST TRANSACTION
control field 20260213112903.0
008 - FIXED-LENGTH DATA ELEMENTS--GENERAL INFORMATION
fixed length control field 260213b cb ||||| |||| 00| 0 eng d
020 ## - INTERNATIONAL STANDARD BOOK NUMBER
International Standard Book Number 9781574719215
040 ## - CATALOGING SOURCE
Original cataloging agency FISKH
Language of cataloging eng
Transcribing agency FISKH
Modifying agency FISKH
082 ## - DEWEY DECIMAL CLASSIFICATION NUMBER
Classification number 420
100 ## - MAIN ENTRY--PERSONAL NAME
Personal name Williams , Rozanne Lanczak
245 ## - TITLE STATEMENT
Title This is my world /
Statement of responsibility, etc. Written by Rozanne Lanczak Williams : Illustrated by Drew Rose
260 ## - PUBLICATION, DISTRIBUTION, ETC.
Place of publication, distribution, etc. California :
Name of publisher, distributor, etc. Creative Teaching Press ,
Date of publication, distribution, etc. 2002 .
300 ## - PHYSICAL DESCRIPTION
Extent 8 pages :
Other physical details color illustrations ;
Dimensions 16 X 23 cm .
490 ## - SERIES STATEMENT
Series statement Sight Word Readers
505 ## - FORMATTED CONTENTS NOTE
Formatted contents note A <br/><br/>
520 ## - SUMMARY, ETC.
Summary, etc. Simple text and color illustrations follow two explorers as they discover the forest, a mountain, the ocean, the desert, the jungle, and a lake.
521 8# - TARGET AUDIENCE NOTE
Target audience note 80 BR <br/><br/><br/>
Source Lexile <br/><br/>
521 8# - TARGET AUDIENCE NOTE
Target audience note A <br/> <br/>
Source Raz-Plus <br/>
650 ## - SUBJECT ADDED ENTRY--TOPICAL TERM
Topical term or geographic name entry element High frequency words
Form subdivision Non-fiction
700 ## - ADDED ENTRY--PERSONAL NAME
Personal name Rose , Drew
Relator term Illustrator
942 ## - ADDED ENTRY ELEMENTS (KOHA)
Source of classification or shelving scheme Dewey Decimal Classification
Koha item type Books
Suppress in OPAC No
Holdings
Withdrawn status Lost status Source of classification or shelving scheme Damaged status Not for loan Collection Home library Current library Shelving location Date acquired Total Checkouts Full call number Barcode Date last seen Price effective from Koha item type
    Dewey Decimal Classification     Non-Fiction Footprints International School Library Network Toul Tom Poung Campus Footprints International School Library Network Toul Tom Poung Campus TTP Primary Green Bookshelves 02/13/2026   WIL 420 FISTK02832 02/13/2026 02/13/2026 Books